[Event "C.to Provinciale TO"]
[Site "Torino ITA"]
[Date "2010.02.09"]
[Round "1"]
[White "Cagno, Alberto"]
[Black "Riccardi, Mauro"]
[Result "0-1"]
[WhiteElo "1431"]
[BlackElo "1818"]
[PlyCount "44"]
[EventDate "2010.02.09"]

1. Nf3 d5 2. d4 Nf6 3. e3 g6 4. Bd3 Bg7 5. Nbd2 O-O 6. Ne5 c5 7. c3 Nc6 8. Nxc6
bxc6 9. dxc5 e5 10. O-O Qe7 11. b4 a5 12. Qa4 Bd7 13. Bb2 axb4 14. Qxb4 Rfb8
15. Qh4 Rxb2 16. Nb3 Rbxa2 17. Rfe1 Rxa1 18. Nxa1 Qxc5 19. c4 e4 20. Nb3 Qb4
21. Ra1 Rxa1+ 22. Nxa1 Qe1+ 0-1

[Event "C.to Provinciale TO"]
[Site "Torino ITA"]
[Date "2010.02.09"]
[Round "1"]
[White "Di Chiara, Mauro"]
[Black "Listello, Massimiliano"]
[Result "1-0"]
[WhiteElo "1870"]
[BlackElo "1488"]
[PlyCount "53"]
[EventDate "2010.02.09"]

1. d4 Nf6 2. Nf3 e6 3. c4 Bb4+ 4. Bd2 Bxd2+ 5. Qxd2 O-O 6. Nc3 b6 7. g3 Bb7 8.
Bg2 d5 9. cxd5 Nxd5 10. Nxd5 Bxd5 11. O-O Nd7 12. Rfe1 c5 13. e4 Bb7 14. Rad1
cxd4 15. Nxd4 Nf6 16. Qf4 Qc8 17. Rc1 Qd7 18. Red1 Qa4 19. e5 Nd5 20. Qg4 Rac8
21. Rxc8 Rxc8 22. Be4 Re8 23. Nxe6 g6 24. Ng5 h6 25. Nxf7 Ne7 26. Nxh6+ Kg7 27.
Bxb7 1-0

[Event "C.to Provinciale TO"]
[Site "Torino ITA"]
[Date "2010.02.09"]
[Round "1"]
[White "Gussone, Claudio"]
[Black "Collaro, Carlo"]
[Result "1-0"]
[WhiteElo "1805"]
[BlackElo "1401"]
[PlyCount "69"]
[EventDate "2010.02.09"]

1. e4 d5 2. exd5 Qxd5 3. Nc3 Qa5 4. d4 Nf6 5. Bd3 c6 6. h3 e6 7. Nf3 Bb4 8. Bd2
Nd5 9. Nxd5 Bxd2+ 10. Nxd2 Qxd5 11. Nf3 Nd7 12. O-O Nf6 13. c4 Qd8 14. Re1 O-O
15. Ne5 Qc7 16. Bc2 b6 17. Qd3 g6 18. Qf3 Kg7 19. Qxc6 Qxc6 20. Nxc6 Bb7 21.
Ne5 Rfd8 22. Rad1 h6 23. b4 Rac8 24. c5 Nd5 25. Be4 Rc7 26. Bxd5 Bxd5 27. a3 f6
28. Ng4 Rcd7 29. Ne3 Bc6 30. cxb6 axb6 31. Nc4 Rxd4 32. Rxd4 Rxd4 33. Nxb6 e5
34. Rc1 Rd6 35. a4 1-0

[Event "C.to Provinciale TO"]
[Site "Torino ITA"]
[Date "2010.02.09"]
[Round "1"]
[White "Manni, Stefano"]
[Black "Avetta, Roberto"]
[Result "1-0"]
[WhiteElo "1962"]
[BlackElo "1711"]
[PlyCount "43"]
[EventDate "2010.02.09"]

1. e4 d6 2. d4 Nf6 3. Nc3 Nbd7 4. Nf3 g6 5. e5 dxe5 6. dxe5 Ng8 7. Bc4 e6 8.
Bg5 Ne7 9. Ne4 Bg7 10. Qd4 O-O 11. O-O-O Nc6 12. Qe3 Qe8 13. Rxd7 f6 14. Rxg7+
Kxg7 15. Bh6+ Kf7 16. Bxf8 Qxf8 17. Nxf6 b6 18. Ng5+ Ke7 19. Qa3+ Nb4 20. Qxb4+
c5 21. Qd2 h6 22. Qd6# 1-0

[Event "C.to Provinciale TO"]
[Site "Torino ITA"]
[Date "2010.02.09"]
[Round "1"]
[White "Marvin, Elio"]
[Black "Boetto, Massimo"]
[Result "0-1"]
[WhiteElo "1714"]
[BlackElo "2010"]
[PlyCount "52"]
[EventDate "2010.02.09"]

1. e4 c5 2. c4 Nc6 3. Nf3 g6 4. d3 Bg7 5. Nc3 d6 6. h3 Nf6 7. Be2 O-O 8. O-O h6
9. Be3 e5 10. Qd2 Kh7 11. Nh2 g5 12. Rae1 Ne7 13. Ng4 Nfg8 14. Nh2 Ng6 15. Bg4
f5 16. exf5 Bxf5 17. Bxf5 Rxf5 18. g3 Qd7 19. Kg2 Nf4+ 20. Bxf4 exf4 21. g4 Rf7
22. Re4 Nf6 23. Re2 f3+ 24. Nxf3 Nxg4 25. Nh2 Nxh2 26. Kxh2 Rf3 0-1

[Event "C.to Provinciale TO"]
[Site "Torino ITA"]
[Date "2010.02.09"]
[Round "1"]
[White "Moncelli, Giorgio"]
[Black "Liviabella, Lucio"]
[Result "1-0"]
[WhiteElo "2088"]
[BlackElo "1716"]
[PlyCount "87"]
[EventDate "2010.02.09"]

1. e4 c5 2. Nf3 e6 3. d4 cxd4 4. Nxd4 Nc6 5. Nc3 a6 6. g3 Bc5 7. Nb3 Ba7 8. Bg2
b5 9. O-O Nge7 10. Qe2 O-O 11. Be3 Bxe3 12. Qxe3 Ne5 13. Rad1 Nc4 14. Qc1 Qb6
15. Nd2 Ne5 16. Nf3 N7g6 17. Nxe5 Nxe5 18. h3 Rb8 19. Kh2 Qc7 20. f4 Ng6 21.
Qd2 Rd8 22. Qd6 Qa7 23. e5 Bb7 24. Qc7 Qa8 25. Bxb7 Qxb7 26. Qxb7 Rxb7 27. Rd6
Ra7 28. Rfd1 Nf8 29. Rb6 Rc8 30. Rdd6 b4 31. Rxb4 Rca8 32. a4 f6 33. exf6 gxf6
34. Ne4 Kf7 35. Rbb6 Ke7 36. a5 f5 37. Nc5 Rc7 38. b4 Rac8 39. Rxa6 Rc6 40.
Rdxc6 dxc6 41. Kg2 Kd6 42. c4 Rb8 43. Rb6 Kc7 44. Na6+ 1-0

[Event "C.to Provinciale TO"]
[Site "Torino ITA"]
[Date "2010.02.09"]
[Round "1"]
[White "Monno, Luigi"]
[Black "Angioni, Gian Carlo"]
[Result "0-1"]
[WhiteElo "1466"]
[BlackElo "1841"]
[PlyCount "36"]
[EventDate "2010.02.09"]

1. d4 d5 2. Nc3 Nf6 3. Nf3 e6 4. Bf4 Bb4 5. e3 Ne4 6. Qd3 O-O 7. a3 Bxc3+ 8.
bxc3 c5 9. dxc5 Qa5 10. Be5 Nxc5 11. Qd4 Nc6 12. Qg4 Nxe5 13. Nxe5 Qxc3+ 14.
Ke2 Qxa1 15. f4 b6 16. Nc6 Ba6+ 17. Kf2 Ne4+ 18. Kf3 Qd1+ 0-1

[Event "C.to Provinciale TO"]
[Site "Torino ITA"]
[Date "2010.02.09"]
[Round "1"]
[White "Paoli, Mario"]
[Black "Sorcinelli, Francesco"]
[Result "0-1"]
[WhiteElo "1746"]
[BlackElo "2161"]
[PlyCount "64"]
[EventDate "2010.02.09"]

1. d4 Nf6 2. c4 c5 3. d5 e6 4. dxe6 fxe6 5. Nc3 d5 6. e3 Nc6 7. Nf3 Be7 8. cxd5
exd5 9. Be2 O-O 10. O-O Bf5 11. Nh4 Be6 12. Nf3 Kh8 13. a3 a6 14. Qc2 b5 15.
Rd1 Qc7 16. Ng5 Bg8 17. Nxd5 Nxd5 18. Rxd5 h6 19. Rxc5 Bxc5 20. Qxc5 hxg5 21.
b4 Qe5 22. Qxe5 Nxe5 23. e4 Rac8 24. Bxg5 Rc2 25. Rd1 Bc4 26. Bxc4 bxc4 27. f4
Nd3 28. Rf1 Rc1 29. f5 Rxf1+ 30. Kxf1 Re8 31. f6 Rxe4 32. fxg7+ Kxg7 0-1

[Event "C.to Provinciale TO"]
[Site "Torino ITA"]
[Date "2010.02.09"]
[Round "1"]
[White "Paonessa, Denis"]
[Black "Gatti, Franco"]
[Result "1/2-1/2"]
[WhiteElo "1908"]
[BlackElo "1586"]
[PlyCount "70"]
[EventDate "2010.02.09"]

1. e4 e5 2. f4 exf4 3. Nf3 Bc5 4. d4 Bb6 5. Bc4 f6 6. O-O d6 7. Bxf4 Bg4 8. Nc3
Ne7 9. Kh1 Nbc6 10. Be3 Na5 11. Be2 Nac6 12. Qd2 O-O 13. Rae1 a6 14. Nh4 Bxe2
15. Nxe2 Qe8 16. Nf5 Nxf5 17. exf5 Ne7 18. d5 Bxe3 19. Qxe3 Nxd5 20. Qb3 Qb5
21. Qxb5 axb5 22. Nc1 Rfe8 23. a3 Ne3 24. Rf2 Nxf5 25. Nd3 Rxe1+ 26. Nxe1 Re8
27. Nd3 Nd4 28. c3 Nb3 29. Kg1 Kf7 30. Kf1 d5 31. Rf5 Nd2+ 32. Kf2 Ne4+ 33. Kf1
Nd2+ 34. Kf2 Ne4+ 35. Kf1 Nd2+ 1/2-1/2

[Event "C.to Provinciale TO"]
[Site "Torino ITA"]
[Date "2010.02.09"]
[Round "1"]
[White "Quirico, Paolo"]
[Black "Iacomussi, Mario"]
[Result "0-1"]
[WhiteElo "2167"]
[BlackElo "1760"]
[PlyCount "90"]
[EventDate "2010.02.09"]

1. d4 Nf6 2. Nf3 e6 3. Bf4 c5 4. e3 Nc6 5. c3 d5 6. Nbd2 Bd6 7. Bg3 O-O 8. Bd3
cxd4 9. exd4 Re8 10. Ne5 Qc7 11. f4 g6 12. Qf3 Nh5 13. Bh4 Be7 14. Bf2 f5 15.
g4 Nf6 16. gxf5 exf5 17. Rg1 Nxe5 18. fxe5 Ne4 19. h4 Qc6 20. h5 Bg5 21. Bxe4
Bxd2+ 22. Kxd2 fxe4 23. Qg3 Bf5 24. Raf1 Qe6 25. Be3 Rf8 26. Bh6 Rf7 27. Rf4
Rc8 28. Bg5 Qa6 29. Bf6 Qxa2 30. Kc1 Qa1+ 31. Kc2 Qa4+ 32. Kb1 Qd7 33. Qg5 Kf8
34. hxg6 Bxg6 35. Rh1 Ke8 36. Rh6 Qe6 37. Rh2 Kd7 38. Qg4 Rcf8 39. Qe2 a6 40.
Qe3 b5 41. b3 Rxf6 42. exf6 Rxf6 43. Ra2 Rxf4 44. Qxf4 e3+ 45. Kc1 e2 0-1

[Event "C.to Provinciale TO"]
[Site "Torino ITA"]
[Date "2010.02.09"]
[Round "1"]
[White "Ranieri, Fabrizio"]
[Black "Cavezzana, Davide"]
[Result "1-0"]
[WhiteElo "2285"]
[BlackElo "1768"]
[PlyCount "123"]
[EventDate "2010.02.09"]

1. e4 e5 2. Nf3 Nf6 3. Bc4 Nxe4 4. Nc3 Nxc3 5. dxc3 f6 6. Nh4 g6 7. O-O Nc6 8.
f4 f5 9. Nf3 e4 10. Ng5 Bc5+ 11. Kh1 Qe7 12. b4 Bb6 13. a4 a6 14. Qe1 Nd8 15.
Be3 Bxe3 16. Qxe3 c6 17. Qd4 Rf8 18. Bb3 h6 19. Nh3 d5 20. Rad1 Ne6 21. Qe3 Nc7
22. Qb6 Rf6 23. Qf2 Rd6 24. Ng1 Be6 25. Ne2 Bf7 26. Qd4 Ne6 27. Qh8+ Qf8 28.
Qe5 Qe7 29. c4 Nc7 30. cxd5 cxd5 31. Qh8+ Qf8 32. Qd4 Qe7 33. Rd2 Ne6 34. Qh8+
Qf8 35. Qc3 Qg7 36. Qg3 Rad8 37. c3 Qf6 38. Rfd1 Nc7 39. Qe3 d4 40. Bxf7+ Kxf7
41. cxd4 Nd5 42. Qh3 Kg7 43. Qb3 Qh4 44. b5 a5 45. Rc1 Qe7 46. Rdc2 Kf6 47. Rc5
Qe6 48. Qb2 R8d7 49. h3 Qf7 50. Rc8 Ke7 51. Ra8 b6 52. Rcc8 Rd8 53. Qc2 Qe6 54.
Ra7+ R8d7 55. Rxd7+ Rxd7 56. Rh8 h5 57. Qc1 Qf7 58. Nc3 Nxc3 59. Qxc3 Rd8 60.
Qc7+ Rd7 61. Qe5+ Qe6 62. Rh7+ 1-0

[Event "C.to Provinciale TO"]
[Site "Torino ITA"]
[Date "2010.02.09"]
[Round "1"]
[White "Termini, Luigi Robert"]
[Black "Razzano, Lorenzo"]
[Result "0-1"]
[WhiteElo "1703"]
[BlackElo "1956"]
[PlyCount "120"]
[EventDate "2010.02.09"]

1. c4 Nf6 2. d4 Nc6 3. Nc3 e5 4. d5 Ne7 5. e4 Ng6 6. Nf3 Bc5 7. h3 a6 8. a3 d6
9. Bd3 Qe7 10. b4 Ba7 11. Ne2 O-O 12. Ng3 Nf4 13. O-O Kh8 14. Bc2 g5 15. Nxg5
Rg8 16. Bxf4 exf4 17. Nf5 Bxf5 18. Nxf7+ Qxf7 19. exf5 Qg7 20. Qf3 Qg3 21. Bd1
Qxf3 22. Bxf3 Bd4 23. Rad1 Be5 24. Rd2 a5 25. Rb1 b6 26. Re2 axb4 27. axb4 Ra3
28. b5 Rc3 29. Kf1 h5 30. Ree1 Ra8 31. Rec1 Rxc1+ 32. Rxc1 Ra1 33. Rxa1 Bxa1
34. g3 Be5 35. Kg2 Kg7 36. h4 fxg3 37. fxg3 Ng4 38. Kh3 Nh6 39. g4 hxg4+ 40.
Bxg4 Kf6 41. Be2 Kxf5 42. Bd3+ Kf4 43. h5 Ke3 44. Bf1 Bf6 45. Kg3 Nf7 46. Kg4
Ne5+ 47. Kf5 Bh8 48. Ke6 Kf4 49. Bh3 Nxc4 50. Kd7 Kg3 51. Be6 Kh4 52. Kxc7 Kxh5
53. Bd7 Bd4 54. Bc6 Bc5 55. Kd7 Kg5 56. Ke6 Kf4 57. Bb7 Ke4 58. Bc6 Kd4 59. Bb7
Na3 60. Bc6 Kc4 0-1

[Event "C.to Provinciale TO"]
[Site "Torino ITA"]
[Date "2010.02.09"]
[Round "1"]
[White "Zanatta, Aldo"]
[Black "Longo, Enrico"]
[Result "0-1"]
[WhiteElo "1625"]
[BlackElo "1913"]
[PlyCount "54"]
[EventDate "2010.02.09"]

1. d4 Nf6 2. c4 g6 3. Nc3 d5 4. Nf3 Bg7 5. e3 O-O 6. Be2 c6 7. O-O Nbd7 8. c5
Re8 9. Rb1 e5 10. b4 exd4 11. Nxd4 a6 12. Bd3 Qc7 13. Nce2 Ne5 14. Bc2 Neg4 15.
Ng3 h5 16. Nf3 a5 17. a3 axb4 18. axb4 Ne4 19. Bb2 Bxb2 20. Rxb2 Ra3 21. Bb3 b6
22. Qc2 Ba6 23. Rc1 Ngxf2 24. cxb6 Qxb6 25. Qxc6 Qxc6 26. Rxc6 Ra1+ 27. Nf1
Rxf1# 0-1

[Event "C.to Provinciale TO"]
[Site "Torino ITA"]
[Date "2010.02.10"]
[Round "2"]
[White "Avetta, Roberto"]
[Black "Monno, Luigi"]
[Result "1-0"]
[WhiteElo "1711"]
[BlackElo "1466"]
[PlyCount "97"]
[EventDate "2010.02.09"]

1. d4 d5 2. c4 e6 3. Nc3 Nf6 4. Bg5 Be7 5. Nf3 Nc6 6. e3 a6 7. b3 h6 8. Bf4 O-O
9. Bd3 dxc4 10. bxc4 Bb4 11. Qc2 b6 12. O-O Bb7 13. Rad1 Bd6 14. Bxd6 cxd6 15.
a3 Rc8 16. Qb1 Rb8 17. d5 Ne7 18. e4 e5 19. a4 Bc8 20. h3 Nd7 21. Nh2 Nc5 22.
Be2 Ng6 23. Rd2 Nf4 24. Re1 Qg5 25. Bf3 Bxh3 26. g3 Bd7 27. Qd1 f5 28. exf5
Bxf5 29. Bg4 Bxg4 30. Nxg4 Nh3+ 31. Kg2 Nxf2 32. Rxf2 Rxf2+ 33. Nxf2 Rf8 34.
Nfe4 Nxe4 35. Nxe4 Qg6 36. Qe2 Rf4 37. Kh3 Qf5+ 38. Kg2 Qg6 39. Qd3 Rg4 40. Re3
h5 41. Nd2 Qxd3 42. Rxd3 h4 43. Kh3 Rxg3+ 44. Rxg3 hxg3 45. Kxg3 g5 46. Ne4 Kg7
47. Kg4 Kg6 48. Nxd6 Kf6 49. Ne4+ 1-0

[Event "C.to Provinciale TO"]
[Site "Torino ITA"]
[Date "2010.02.10"]
[Round "2"]
[White "Boetto, Massimo"]
[Black "Gussone, Claudio"]
[Result "1-0"]
[WhiteElo "2010"]
[BlackElo "1805"]
[PlyCount "71"]
[EventDate "2010.02.09"]

1. e4 d6 2. d4 Nf6 3. Nc3 g6 4. f4 Bg7 5. Nf3 O-O 6. Bd3 Nc6 7. d5 Nb4 8. a3
Nxd3+ 9. cxd3 c6 10. dxc6 bxc6 11. O-O Ba6 12. h3 Qb6+ 13. Kh2 Rab8 14. Qe2 Qc7
15. Qc2 Nd7 16. Rd1 Qb6 17. b4 Nf6 18. Rb1 Qb7 19. Be3 Qa8 20. Ne2 Bb7 21. Bd4
Nd7 22. Bxg7 Kxg7 23. Qc3+ f6 24. Ned4 Rfc8 25. Ne6+ Kg8 26. Qe1 Nf8 27. Nxf8
Rxf8 28. e5 c5 29. Nh4 Bd5 30. exd6 exd6 31. b5 Rbe8 32. Qg3 Re7 33. Re1 Rg7
34. Re3 g5 35. Nf5 gxf4 36. Qxg7# 1-0

[Event "C.to Provinciale TO"]
[Site "Torino ITA"]
[Date "2010.02.10"]
[Round "2"]
[White "Calderone, Luigi"]
[Black "Blundo, Michele"]
[Result "1-0"]
[WhiteElo "1700"]
[BlackElo "1763"]
[PlyCount "99"]
[EventDate "2010.02.09"]

1. e4 c5 2. Nf3 d6 3. d4 cxd4 4. Nxd4 Nf6 5. Nc3 a6 6. Be2 e5 7. Nf3 Be7 8. Bg5
Be6 9. O-O Nbd7 10. Be3 Qc7 11. Ng5 O-O 12. Nd5 Bxd5 13. exd5 h6 14. Nh3 Nh7
15. f4 Ndf6 16. fxe5 dxe5 17. c4 Bc5 18. Qb3 Ne4 19. Kh1 Nhf6 20. Rad1 Bd6 21.
Qc2 Qe7 22. a3 Rac8 23. b4 Rfd8 24. Bf3 Ng5 25. Bxg5 hxg5 26. Nxg5 e4 27. Nxe4
Nxe4 28. Bxe4 Qh4 29. g3 Bxg3 30. c5 Bxh2 31. Qxh2 Qxe4+ 32. Qg2 Re8 33. Qxe4
Rxe4 34. Rfe1 Rxe1+ 35. Rxe1 Kf8 36. d6 Re8 37. Rd1 Rd8 38. a4 Ke8 39. Re1+ Kf8
40. b5 axb5 41. axb5 Rd7 42. Rd1 Ke8 43. Re1+ Kd8 44. Rd1 Ke8 45. c6 bxc6 46.
bxc6 Ra7 47. Re1+ Kd8 48. c7+ Kd7 49. Re7+ Kxd6 50. c8=N+ 1-0

[Event "C.to Provinciale TO"]
[Site "Torino ITA"]
[Date "2010.02.10"]
[Round "2"]
[White "Cavezzana, Davide"]
[Black "Zanatta, Aldo"]
[Result "1-0"]
[WhiteElo "1768"]
[BlackElo "1625"]
[PlyCount "135"]
[EventDate "2010.02.09"]

1. e4 c5 2. c3 e6 3. d4 cxd4 4. cxd4 d5 5. exd5 exd5 6. Nf3 Nf6 7. Nc3 Bg4 8.
Be2 Nc6 9. O-O Be7 10. h3 Bh5 11. Bf4 a6 12. Ne5 Bxe2 13. Nxe2 O-O 14. Nxc6
bxc6 15. Rc1 Rc8 16. Qa4 Qb6 17. Rc2 c5 18. Rfc1 c4 19. b3 Qb5 20. Nc3 Qb6 21.
Be3 Rfd8 22. Nd1 Qb5 23. Nb2 c3 24. Qxb5 axb5 25. Rxc3 Rxc3 26. Rxc3 Ne4 27.
Rc2 b4 28. Na4 h6 29. f3 Ng3 30. Bf2 Nf5 31. Nb6 Bf8 32. g4 Ne7 33. Be1 Ng6 34.
Bg3 Be7 35. Rc8 Rxc8 36. Nxc8 Bf6 37. Be5 Nxe5 38. dxe5 Bxe5 39. Ne7+ Kf8 40.
Nxd5 Bd4+ 41. Kf1 Bc5 42. Ke2 Ke8 43. Kd3 Kd7 44. Kc4 Bd6 45. Nxb4 g6 46. a4
Bg3 47. Nd3 Kc6 48. a5 Bd6 49. b4 Bh2 50. b5+ Kb7 51. Kc5 Bg1+ 52. Kd5 Bh2 53.
Ne5 f6 54. Nxg6 Bc7 55. b6 Bb8 56. Ne7 Bg3 57. Kc4 Ka6 58. Nc6 Bf4 59. h4 Bg3
60. h5 Bf4 61. Kb4 Bd2+ 62. Ka4 Be3 63. Nb4+ Kb7 64. a6+ Kb8 65. Kb5 Kc8 66.
Kc6 Kb8 67. Nd5 Bd4 68. a7+ 1-0

[Event "C.to Provinciale TO"]
[Site "Torino ITA"]
[Date "2010.02.10"]
[Round "2"]
[White "Collaro, Carlo"]
[Black "Termini, Luigi Robert"]
[Result "0-1"]
[WhiteElo "1401"]
[BlackElo "1703"]
[PlyCount "112"]
[EventDate "2010.02.09"]

1. d4 Nf6 2. Nf3 e6 3. Bf4 b6 4. e3 Nh5 5. Bg3 Bb7 6. Nbd2 Nc6 7. c3 Be7 8. Qc2
Bf6 9. Be2 g6 10. O-O-O Nxg3 11. hxg3 Qe7 12. Bd3 Bg7 13. Ne4 O-O-O 14. Neg5 h6
15. Nh3 g5 16. g4 d5 17. e4 f6 18. exd5 exd5 19. Rde1 Qf7 20. Nd2 Ne7 21. Rhf1
Kb8 22. f4 gxf4 23. Nxf4 Bc8 24. Nh5 Bxg4 25. Nxg7 Qxg7 26. Nb1 Nc8 27. Qf2
Rhf8 28. Bf5 Nd6 29. Bxg4 Qxg4 30. Na3 f5 31. Nc2 Ne4 32. Qf4 h5 33. Qxg4 fxg4
34. Nb4 Rf2 35. Nc6+ Kc8 36. Nxd8 Kxd8 37. Rxf2 Nxf2 38. Kd2 Ne4+ 39. Ke3 Ke7
40. Kf4 Kf6 41. c4 c6 42. cxd5 cxd5 43. Rxe4 dxe4 44. Kxe4 h4 45. d5 h3 46.
gxh3 gxh3 47. Kf3 Ke5 48. Kg3 Kxd5 49. Kxh3 Kd4 50. Kg3 Kd3 51. Kf4 Kc2 52. b3
Kb2 53. Ke4 Kxa2 54. Kd5 Kxb3 55. Kc6 Kb4 56. Kb7 a5 0-1

[Event "C.to Provinciale TO"]
[Site "Torino ITA"]
[Date "2010.02.10"]
[Round "2"]
[White "Coqueraut, Jean Dominique"]
[Black "Fassio, Francesco"]
[Result "0-1"]
[WhiteElo "1815"]
[BlackElo "1646"]
[PlyCount "74"]
[EventDate "2010.02.09"]

1. d4 d5 2. c4 c6 3. cxd5 cxd5 4. Nc3 Nf6 5. Nf3 Nc6 6. Bf4 a6 7. Rc1 Bf5 8. e3
e6 9. h3 h6 10. g4 Be4 11. Bd3 Bd6 12. Bxd6 Bxd3 13. Ba3 Be4 14. Nxe4 Nxe4 15.
O-O f5 16. gxf5 exf5 17. Qe2 g5 18. Nh2 h5 19. Kh1 g4 20. Rg1 Qh4 21. Rcf1 Qxh3
22. Rg2 Qh4 23. Rfg1 Ng5 24. Bd6 Ne4 25. Bf4 O-O-O 26. f3 Nd6 27. Rc1 Rhg8 28.
Rxc6+ bxc6 29. Qxa6+ Kd7 30. Qa7+ Ke6 31. Qh7 Nf7 32. e4 dxe4 33. fxe4 Qe1+ 34.
Rg1 Qxe4+ 35. Rg2 Qxf4 36. Re2+ Kf6 37. Rc2 Qe4+ 0-1

[Event "C.to Provinciale TO"]
[Site "Torino ITA"]
[Date "2010.02.10"]
[Round "2"]
[White "Gatti, Franco"]
[Black "Quirico, Paolo"]
[Result "0-1"]
[WhiteElo "1586"]
[BlackElo "2167"]
[PlyCount "36"]
[EventDate "2010.02.09"]

1. e4 e6 2. Nf3 d5 3. exd5 exd5 4. d4 Nc6 5. Bf4 Bd6 6. Bxd6 Qxd6 7. Be2 Nf6 8.
O-O Bf5 9. Nc3 O-O-O 10. Nb5 Qe6 11. Ng5 Qd7 12. Nf3 a6 13. Ne5 Nxe5 14. dxe5
axb5 15. exf6 gxf6 16. Qd4 Rhg8 17. Qxf6 Bh3 18. Qf3 Bxg2 0-1

[Event "C.to Provinciale TO"]
[Site "Torino ITA"]
[Date "2010.02.10"]
[Round "2"]
[White "Iacomussi, Mario"]
[Black "Paonessa, Denis"]
[Result "1-0"]
[WhiteElo "1760"]
[BlackElo "1908"]
[PlyCount "49"]
[EventDate "2010.02.09"]

1. c4 e5 2. Nc3 Bb4 3. Nd5 Ba5 4. g3 c6 5. b4 cxd5 6. bxa5 dxc4 7. Nf3 Nc6 8.
Bb2 Qxa5 9. e3 Qc5 10. Rc1 b5 11. Bg2 Rb8 12. O-O Nf6 13. d4 exd4 14. exd4 Qf5
15. Re1+ Ne7 16. Re5 Qd3 17. Qe1 Nfg8 18. Nh4 d6 19. Re3 Qxe3 20. Qxe3 Bb7 21.
Bxb7 Rxb7 22. Nf5 Kf8 23. Nxd6 Rb6 24. Ba3 b4 25. Rxc4 1-0

[Event "C.to Provinciale TO"]
[Site "Torino ITA"]
[Date "2010.02.10"]
[Round "2"]
[White "Leoni, Alessandro"]
[Black "Moncelli, Giorgio"]
[Result "0-1"]
[WhiteElo "1871"]
[BlackElo "2088"]
[PlyCount "58"]
[EventDate "2010.02.09"]

1. e4 c5 2. Nc3 Nc6 3. Bb5 g6 4. f4 Bg7 5. Nf3 d6 6. Bxc6+ bxc6 7. O-O e6 8. d3
Ne7 9. Be3 O-O 10. Qe1 f5 11. Qh4 Rb8 12. Rab1 Qd7 13. Ng5 h6 14. Nf3 Ba6 15.
e5 Nd5 16. Nxd5 cxd5 17. exd6 Qxd6 18. Ne5 Kh7 19. Rf3 Bf6 20. Qf2 d4 21. Bd2
Bb7 22. Rh3 Qe7 23. Qg3 Rg8 24. Nf3 Rh8 25. Ne5 Rbg8 26. b3 g5 27. fxg5 Bxg5
28. Qe1 Bxd2 29. Qxd2 Rxg2+ 0-1

[Event "C.to Provinciale TO"]
[Site "Torino ITA"]
[Date "2010.02.10"]
[Round "2"]
[White "Listello, Massimiliano"]
[Black "Paoli, Mario"]
[Result "0-1"]
[WhiteElo "1488"]
[BlackElo "1746"]
[PlyCount "108"]
[EventDate "2010.02.09"]

1. e4 g6 2. d4 Bg7 3. Nf3 d6 4. Bc4 Nf6 5. Nc3 O-O 6. O-O c6 7. Bf4 b5 8. Bd3
Nh5 9. Be3 Bg4 10. h3 Bd7 11. Qd2 Qc8 12. Kh2 Na6 13. Bh6 f5 14. Bxg7 Kxg7 15.
exf5 Bxf5 16. Rae1 Qd7 17. Bxf5 Rxf5 18. Qe2 Re8 19. a3 Nc7 20. Ne4 Nf4 21. Qd1
Rh5 22. h4 Qg4 23. Ng3 Ncd5 24. Nxh5+ gxh5 25. Rg1 e5 26. Ng5 Qxh4+ 27. Nh3 Nf6
28. Qf3 Ng4+ 29. Kh1 Kh8 30. Qg3 Nxh3 31. Qxh4 Nhxf2+ 32. Qxf2 Nxf2+ 33. Kh2
Ng4+ 34. Kh3 e4 35. Kh4 Nf6 36. Rgf1 Kg7 37. Re2 d5 38. Rxf6 Kxf6 39. Kxh5 Rg8
40. g4 Rg5+ 41. Kh4 h6 42. b3 Kg6 43. Re3 h5 44. gxh5+ Rxh5+ 45. Kg3 Kf5 46. b4
Rg5+ 47. Kf2 Kf4 48. Rh3 e3+ 49. Kf1 Rg6 50. Rh2 Kf3 51. Rh3+ Rg3 52. Rxg3+
Kxg3 53. Ke2 Kf4 54. c3 Ke4 0-1

[Event "C.to Provinciale TO"]
[Site "Torino ITA"]
[Date "2010.02.10"]
[Round "2"]
[White "Liviabella, Lucio"]
[Black "Arena, Marco"]
[Result "1-0"]
[WhiteElo "1716"]
[BlackElo "1566"]
[PlyCount "105"]
[EventDate "2010.02.09"]

1. e4 e6 2. d4 d5 3. exd5 exd5 4. Nc3 c6 5. Be2 Bd6 6. Nf3 Ne7 7. Bg5 Qc7 8.
Qd2 Bf5 9. O-O-O f6 10. Be3 Nd7 11. Nh4 O-O-O 12. g3 Be6 13. Ng2 Ng6 14. h4
Rde8 15. h5 Ne7 16. Nf4 Bf7 17. Bg4 f5 18. Bh3 Nf6 19. Bf1 Ne4 20. Qd3 g5 21.
hxg6 hxg6 22. Bg2 g5 23. Nfe2 Bh5 24. Nxe4 fxe4 25. Qd2 g4 26. Nf4 Bf7 27. Qe2
Qd7 28. Qd2 Nf5 29. Qa5 Nxe3 30. fxe3 Kb8 31. Qa4 Bxf4 32. gxf4 Be6 33. Qb4 g3
34. Qe1 Rxh1 35. Qxh1 Rg8 36. Qh5 Bg4 37. Qe5+ Ka8 38. Rh1 a6 39. Rh8 Qc8 40.
Rxg8 Qxg8 41. Qg5 Qxg5 42. fxg5 Bh5 43. Kd2 Kb8 44. Bh3 Kc7 45. Ke1 Kd6 46. Kf1
b6 47. Kg2 c5 48. c3 cxd4 49. cxd4 Ke7 50. Kxg3 Kd6 51. Kf4 Bf7 52. Bf5 Be8 53.
g6 1-0

[Event "C.to Provinciale TO"]
[Site "Torino ITA"]
[Date "2010.02.10"]
[Round "2"]
[White "Longo, Enrico"]
[Black "Ranieri, Fabrizio"]
[Result "1/2-1/2"]
[WhiteElo "1913"]
[BlackElo "2285"]
[PlyCount "70"]
[EventDate "2010.02.09"]

1. e4 e6 2. d4 d5 3. Nd2 Nf6 4. e5 Nfd7 5. Bd3 c5 6. c3 Nc6 7. Ne2 cxd4 8. cxd4
f6 9. exf6 Nxf6 10. Nf3 Bd6 11. O-O O-O 12. Bf4 Bxf4 13. Nxf4 Ne4 14. Qc1 Qf6
15. Ne2 Bd7 16. Bb5 Rac8 17. Qe3 Be8 18. Bxc6 Bxc6 19. Nc3 Qf5 20. Ne5 Rc7 21.
f3 Nd6 22. Rfe1 Be8 23. Rac1 Bf7 24. Nxd5 exd5 25. Rxc7 Be8 26. Rec1 h6 27.
R7c5 Bf7 28. Nxf7 Rxf7 29. Qe5 Qg6 30. Rxd5 Rf6 31. h4 Re6 32. Qf4 Re2 33. Qg4
Qf6 34. Rc7 Ne8 35. Rf5 Qe6 1/2-1/2

[Event "C.to Provinciale TO"]
[Site "Torino ITA"]
[Date "2010.02.10"]
[Round "2"]
[White "Razzano, Lorenzo"]
[Black "Levi, Aldo"]
[Result "1-0"]
[WhiteElo "1956"]
[BlackElo "1344"]
[PlyCount "87"]
[EventDate "2010.02.09"]

1. e4 e5 2. Nf3 Nc6 3. Bb5 Nge7 4. O-O a6 5. Ba4 b5 6. Bb3 Na5 7. Nxe5 Nxb3 8.
Qh5 g6 9. Qf3 f5 10. Qxb3 d5 11. exd5 Qxd5 12. Qxd5 Nxd5 13. Re1 Be7 14. Nc3
Nxc3 15. dxc3 Bb7 16. c4 bxc4 17. Nxc4 Kf7 18. Bf4 Rac8 19. Rad1 Rhd8 20. Rxe7+
Kxe7 21. Bg5+ Ke8 22. Rxd8+ Rxd8 23. Bxd8 Kxd8 24. f4 Ke7 25. Ne5 Be4 26. c3
Ke6 27. Kf2 g5 28. g3 g4 29. Ke3 c5 30. Nxg4 h5 31. Ne5 a5 32. a4 Bc2 33. Nc4
Bb3 34. Nxa5 Bxa4 35. b4 cxb4 36. cxb4 Bb5 37. Kd4 Kd6 38. Nb7+ Kc7 39. Kc5 Bd3
40. Nd6 Kb8 41. b5 Be4 42. b6 Ka8 43. Kd4 Kb8 44. Ke5 1-0

[Event "C.to Provinciale TO"]
[Site "Torino ITA"]
[Date "2010.02.10"]
[Round "2"]
[White "Riccardi, Mauro"]
[Black "Blanc, Pierre"]
[Result "0-1"]
[WhiteElo "1818"]
[BlackElo "1928"]
[PlyCount "68"]
[EventDate "2010.02.09"]

1. d4 f5 2. Nc3 Nf6 3. Bg5 e6 4. e4 fxe4 5. Nxe4 Be7 6. Bd3 O-O 7. Nf3 Nxe4 8.
Bxe7 Nxf2 9. Ng5 h6 10. Bh7+ Kh8 11. Qh5 Qxe7 12. O-O Qxg5 13. Qxg5 hxg5 14.
Bg6 Nc6 15. Rxf2 Rxf2 16. Kxf2 Ne7 17. Bd3 g6 18. Kf3 d6 19. Kg4 Bd7 20. Rf1
Kg7 21. Kxg5 Rh8 22. h3 Rh5+ 23. Kf4 Nd5+ 24. Kg3 Nb4 25. Be4 Bc6 26. Bxc6 Nxc6
27. c3 Rf5 28. Re1 e5 29. d5 Ne7 30. c4 Rf4 31. b3 Nf5+ 32. Kh2 Rf2 33. a3 Nd4
34. Kg3 Rb2 0-1

[Event "C.to Provinciale TO"]
[Site "Torino ITA"]
[Date "2010.02.10"]
[Round "2"]
[White "Sorcinelli, Francesco"]
[Black "Baruffa, Marino"]
[Result "1-0"]
[WhiteElo "2161"]
[BlackElo "1834"]
[PlyCount "47"]
[EventDate "2010.02.09"]

1. e4 e5 2. Nf3 Nc6 3. Bc4 Bc5 4. d3 h6 5. c3 a5 6. O-O Nf6 7. d4 exd4 8. cxd4
Bb6 9. e5 Nh7 10. d5 Ne7 11. d6 Nc6 12. Nc3 O-O 13. Ne4 Qe8 14. Bf4 Kh8 15. Re1
Nd8 16. Qd2 Ne6 17. Bxh6 gxh6 18. Qxh6 f6 19. Nxf6 Rxf6 20. exf6 Qf8 21. Qh5
Qxf6 22. Bd3 Qg7 23. Re4 Nef8 24. Re8 1-0